| 000 | 01818cam a2200397 a 4500 | ||
|---|---|---|---|
| 001 | 16441982 | ||
| 005 | 20170105102350.0 | ||
| 008 | 100830s2012 maua b 001 0 eng | ||
| 010 | _a 2010036051 | ||
| 020 | _a9780262015370 (hardcover : alk. paper) | ||
| 035 | _a(DNLM)101539268 | ||
| 040 |
_aDNLM/DLC _cDLC _dDLC |
||
| 042 | _apcc | ||
| 050 | 0 | 0 |
_aQP357.5 _b.S35 2012 |
| 060 | 1 | 0 | _aWL 26.5 |
| 082 | 0 | 0 |
_a612.8 _222 |
| 100 | 1 | _aSchiff, Steven J. | |
| 245 | 1 | 0 |
_aNeural control engineering : the emerging intersection between control theory and neuroscience _bthe emerging intersection between control theory and neuroscience _cSteven J. Schiff. |
| 260 |
_aCambridge, MA : _bMIT Press, _cc2012. |
||
| 300 |
_axvi, 361 p. : _bill. (some col.) ; _c24 cm. |
||
| 490 | 1 | _aComputational neuroscience series | |
| 504 | _aIncludes bibliographical references (p. [337]-356) and index. | ||
| 505 | 0 | _aKalman fitering -- The Hodgkin-Huxley equations -- Simplified neuronal models -- Bridging from Kalman to neuron -- Spatiotemporal cortical dynamics : the Wilson Cowan equations -- Empirical models -- Model inadequacy -- Brain machine interfaces -- Parkinson's disease -- Control systems with electrical fields -- Assimilating seizures -- Assimilating minds. | |
| 650 | 0 | _aComputational neuroscience. | |
| 650 | 0 | _aNonlinear control theory. | |
| 650 | 1 | 2 | _aNeural Networks (Computer) |
| 650 | 2 | 2 |
_aBrain _xphysiology. |
| 650 | 2 | 2 | _aModels, Neurological. |
| 650 | 2 | 2 | _aNeuroscience. |
| 650 | 2 | 2 | _aNonlinear Dynamics. |
| 650 | 2 | 2 | _aRobotics. |
| 830 | 0 | _aComputational neuroscience. | |
| 906 |
_a7 _bcbc _corignew _d1 _eecip _f20 _gy-gencatlg |
||
| 942 |
_2ddc _cBK |
||
| 999 |
_c11893 _d11893 |
||